Les principaux personnages de Star Wars - Statistiques

Statistiques générales
  • Ce quiz a été pris 368 fois
  • Le résultat moyen est 24 sur 30
Statistiques - réponses
Indice Personnage % Correct
Droïde R2-D2
97%
Jedi Anakin
96%
Jedi Luke
96%
Droïde C-3PO
95%
Sith Dark Sidious
95%
Princesse Leia
95%
Jedi Obiwan
95%
Jedi Yoda
95%
Contrebendier Han Solo
94%
Reine Padmé
92%
Sith Dark Vador
91%
Co-pilote Chewbacca
88%
Jedi Rey
87%
Sith Dark Maul
86%
Jedi Windu
86%
Droïde BB-8
82%
Limace Jabba
82%
Ancien Stormtrooper Finn
81%
Chasseur de primes Bobba Fett
80%
Gungan Jar Jar Binks
79%
Sith Kylo Ren
77%
Jedi Qui-Gon
77%
Sith Dooku
68%
Pilote Poe
67%
Contrebandier Lando
61%
Amiral Ackbar
60%
Sith Grievous
59%
Sith Snoke
54%
La Capitaine Phasma
28%
Orange Maz
21%
Aucun quiz correspondant
Distribution des résultats
% des personnes avec chaque résultat
Percentile par nombre de réponses
Votre historique - résultats
Vous n’avez pas pris ce quiz